[Event "Dundee & Angus op Challengers"]
[Site "Dundee"]
[Date "2013.10.13"]
[Round "4"]
[White "Babin, Andre"]
[Black "Mitchell, Jeremy J"]
[Result "0-1"]
[WhiteElo "1720"]
[BlackElo "1717"]
[PlyCount "62"]
[EventDate "2013.10.11"]
[EventType "swiss"]
[EventRounds "5"]
[EventCountry "SCO"]
[SourceTitle "EXT 2017"]
[Source "ChessBase"]
[SourceDate "2016.10.25"]
[SourceVersion "1"]
[SourceVersionDate "2016.10.25"]
[SourceQuality "1"]

1. e4 c6 2. d4 d5 3. Nd2 dxe4 4. Nxe4 Bf5 5. Ng3 Bg6 6. Bc4 e6 7. N1e2 Bd6 8. Bf4 Nf6 9. Qd2 Bxf4 10. Nxf4 Nd5 11. Nxg6 hxg6 12. 0-0-0 b5 13. Bd3 Qf6 14. Rde1 Qf4 15. Ne4 Nd7 16. g3 Qxd2+ 17. Kxd2 Ke7 18. Ng5 Nf8 19. h4 Nh7 20. Nf3 Kd6 21. Ne5 Raf8 22. c3 Ne7 23. g4 Nf6 24. f3 Nd7 25. f4 Nxe5 26. fxe5+ Kd7 27. Bc2 f5 28. exf6 gxf6 29. Bb3 Nd5 30. Rh2 g5 31. Bxd5 cxd5 0-1

[Event "Dundee & Angus op Challengers"]
[Site "Dundee"]
[Date "2013.10.13"]
[Round "5"]
[White "Hahn, Lilli"]
[Black "Babin, Andre"]
[Result "1-0"]
[WhiteElo "1773"]
[BlackElo "1720"]
[PlyCount "83"]
[EventDate "2013.10.11"]
[EventType "swiss"]
[EventRounds "5"]
[EventCountry "SCO"]
[SourceTitle "EXT 2017"]
[Source "ChessBase"]
[SourceDate "2016.10.25"]
[SourceVersion "1"]
[SourceVersionDate "2016.10.25"]
[SourceQuality "1"]

1. d4 e6 2. c4 Bb4+ 3. Nc3 c5 4. d5 e5 5. e4 Nf6 6. Bd3 0-0 7. Bg5 Bxc3+ 8. bxc3 Qa5 9. Ne2 Ne8 10. Be7 b6 11. 0-0 d6 12. Qb3 Ba6 13. Ng3 g6 14. f4 exf4 15. Rxf4 Nd7 16. Bxf8 Kxf8 17. Raf1 Ne5 18. Be2 Rc8 19. h4 Rc7 20. Nh1 Re7 21. g4 Kg8 22. Ng3 Bc8 23. g5 b5 24. cxb5 c4 25. Qc2 Qxb5 26. h5 Ba6 27. hxg6 fxg6 28. Bg4 Nc7 29. Qf2 Qb6 30. Qxb6 axb6 31. Be2 Nb5 32. Rc1 Nc7 33. Rb1 b5 34. Rbf1 Nf7 35. Rf6 Nxg5 36. Rxd6 Nxe4 37. Nxe4 Rxe4 38. Rd8+ Re8 39. Rxe8+ Nxe8 40. Kf2 Kf7 41. Ke3+ Ke7 42. Ke4 1-0

[Event "Dundee & Angus Congress Major"]
[Site "Dundee"]
[Date "2011.10.15"]
[Round "2"]
[White "Rutherford, Kathleen"]
[Black "Babin, Andre"]
[Result "0-1"]
[WhiteElo "1336"]
[BlackElo "1633"]
[PlyCount "48"]
[EventDate "2011.10.14"]
[EventType "swiss"]
[EventRounds "5"]
[EventCountry "SCO"]
[SourceTitle "EXT 2023"]
[Source "ChessBase"]
[SourceDate "2022.10.05"]
[SourceVersion "1"]
[SourceVersionDate "2022.10.05"]
[SourceQuality "1"]

1. e4 e6 2. d4 d5 3. exd5 exd5 4. Nf3 Bd6 5. Nc3 c6 6. Bd3 Bg4 7. h3 Bh5 8. g4 Bg6 9. Bxg6 hxg6 10. Qe2+ Qe7 11. Be3 Nd7 12. 0-0-0 0-0-0 13. Rde1 Re8 14. Qd3 Qd8 15. Re2 Ngf6 16. a4 Nxg4 17. Bd2 Rxe2 18. Qxe2 Nh6 19. Re1 Nf5 20. h4 Nxh4 21. Nxh4 Rxh4 22. Qe8 Qxe8 23. Rxe8+ Kc7 24. Bg5 Bf4+ 0-1